Normal view MARC view
  • Sociology

Entry Topical Term

Number of records used in: 1

001 - CONTROL NUMBER

  • control field: 79892

003 - CONTROL NUMBER IDENTIFIER

  • control field: OSt

005 - DATE AND TIME OF LATEST TRANSACTION

  • control field: 20220806114037.0

008 - FIXED-LENGTH DATA ELEMENTS

  • fixed length control field: 220806|| aca||aabn | a|a d

040 ## - CATALOGING SOURCE

  • Original cataloging agency: OSt
  • Transcribing agency: OSt

150 ## - HEADING--TOPICAL TERM

  • Topical term or geographic name entry element: Sociology

670 ## - SOURCE DATA FOUND

  • Source citation: Work cat.: (OSt)44189: बावीकर, रुमा आणि वैद्य, विद्या 79891, सामाजिक गटकार्य, 2016